000 00445nam a2200157Ia 4500
003 GCL
008 140319s9999 xx 000 0 ara d
040 _aGCL /
_cGCL
082 0 4 _aد
_b050
100 1 _aحلمى مراد
245 1 0 _aلكل زعيم قصة مصطفى كمال اتاتورك (اقرا 407 ) /
_cحلمى مراد
300 _a250
490 _aاقرأ
_v0
650 0 4 _aمصطفى كمال اتاتورك
942 _2ddc
_cBK
999 _c48647
_d48647